| Tag |
First Indicator |
Second Indicator |
Subfields |
| LEADER |
00000nam a2200000 4500 |
| 001 |
in00004190949 |
| 005 |
20200806083411.0 |
| 006 |
m g d |
| 007 |
cr bn |||a|bb| |
| 008 |
870710s1696 enk o 00 eng d |
| 035 |
|
|
|a (OCoLC)16157212
|
| 035 |
|
|
|a (UnM)99890275
|
| 037 |
|
|
|a CL2105000001
|b ProQuest Information and Learning. 300 N. Zeeb Rd., Ann Arbor, MI 48106
|
| 040 |
|
|
|a Cu-RivES
|c Cu-RivES
|e dcrb
|
| 043 |
|
|
|a e-uk-en
|
| 090 |
|
|
|a PR3291.A1
|b N48 1696
|
| 245 |
0 |
2 |
|a A new ballad upon the land-bank: or, Credit restored. :
|b To the tune of All for love and no money.
|
| 260 |
|
|
|a [London :
|b publisher not identified,
|c 1696]
|
| 300 |
|
|
|a 1 online resource (1 sheet ([1] pages).
|
| 336 |
|
|
|a text
|b txt
|2 rdacontent
|
| 337 |
|
|
|a computer
|b c
|2 rdamedia
|
| 338 |
|
|
|a online resource
|b cr
|2 rdacarrier
|
| 500 |
|
|
|a In verse.
|
| 500 |
|
|
|a Imprint from Wing.
|
| 500 |
|
|
|a Reproduction of original in the British Library.
|
| 510 |
4 |
|
|a Wing (CD-ROM, 1996)
|c N579.
|
| 510 |
4 |
|
|a Early English books tract supplement interim guide
|c 712.m.1[55].
|
| 533 |
|
|
|a Electronic reproduction.
|b Ann Arbor, Mich. :
|c UMI,
|d 1999-
|f (Early English books online)
|n Digital version of: (Early English books; Tract supplement ; C4:3[40])
|7 s1999 miun s
|
| 650 |
|
0 |
|a Banks and banking
|z England
|v Poetry
|v Early works to 1800.
|
| 650 |
|
0 |
|a Ballads, English
|y 17th century.
|
| 651 |
|
0 |
|a Great Britain
|x Politics and government
|y 1689-1702
|v Poetry
|v Early works to 1800.
|
| 655 |
|
7 |
|a Broadsides
|z England
|z London
|y 17th century.
|2 rbgenr
|
| 730 |
0 |
|
|a All for love and no money.
|
| 830 |
|
0 |
|a Early English books online.
|
| 856 |
4 |
0 |
|u http://proxy.library.tamu.edu/login?url=https://search.proquest.com/docview/2240916688
|z Connect to the full text of this electronic book
|t 0
|
| 999 |
f |
f |
|s 5511d914-2ef5-33f6-b86b-1c0788fb023e
|i 326127e5-6536-3340-b2b1-91f3e312c371
|t 0
|
| 952 |
f |
f |
|a Texas A&M University
|b College Station
|c Electronic Resources
|d Available Online
|t 0
|e PR3291.A1 N48 1696
|h Library of Congress classification
|
| 998 |
f |
f |
|a PR3291.A1 N48 1696
|t 0
|l Available Online
|